• 首页
  • 本馆介绍
  • 公告通知
  • 最新文献
  • 馆藏检索
  • 电子资源
  • 读者导购
  • 参考咨询
  • 我的图书馆
  • 登录
  • 详细信息显示
  • 放入我的书架
  • 预约/预借图书
  • 作者相关作品
  • 分类相关作品
  • 丛书相关作品
  • 出版社相关作品

书目信息

  • 表格格式
  • 工作单格式
  • 卡片格式
题名:
儿童文学教程
    
 
作者: 王泉根 主编
分册:  
出版信息: 北京   北京师范大学出版社  2009
页数: 327页
开本: 23cm
丛书名:
单 册:
中图分类: I058
科图分类:
主题词: 儿童文学--文学理论--高等学校--教材 , 儿童文学 , 文学理论
电子资源:
ISBN: 978-7-303-09995-5
000 00941nam0 2200265 45
001 1356783718
005 20130515095428.65
010    @a978-7-303-09995-5@dCNY30.00
100    @a20130108d2009 em y0chiy0110 ea
101 0  @achi
102    @aCN@b110000
105    @ay z 000yy
106    @ar
200 1  @a儿童文学教程@AEr Tong Wen Xue Jiao Cheng@f王泉根主编@FWang Quan Gen Zhu Bian
210    @a北京@c北京师范大学出版社@d2009
215    @a327页@d23cm
300    @a新世纪高等学校教材 普通高等教育“十一五”国家级规划教材 汉语言文学专业课系列教材
330    @a本书分为儿童文学的基本原理、儿童文学的文学体裁两编,内容包括:儿童文学的关键问题、儿童文学的审美创造、儿童文学的教学应用、韵文体儿童文学等。
606 0  @a儿童文学@x文学理论@x高等学校@j教材
606 0  @a儿童文学
606 0  @a文学理论
690    @aI058@v5
701  0 @a王泉根@AWang Quan Gen@4主编
801    @aCN@bTANGWEI@c20130108
905    @b0829271-75@dI058@e186@f5
    
    儿童文学教程/王泉根主编.-北京:北京师范大学出版社,2009
    327页;23cm
    新世纪高等学校教材 普通高等教育“十一五”国家级规划教材 汉语言文学专业课系列教材
    
    ISBN 978-7-303-09995-5:CNY30.00
    本书分为儿童文学的基本原理、儿童文学的文学体裁两编,内容包括:儿童文学的关键问题、儿童文学的审美创造、儿童文学的教学应用、韵文体儿童文学等。
●
相关链接 在E读中查询图书 在五车中查询图书 在当当中查询图书 在豆瓣中查询图书


正题名:儿童文学教程     索取号:I058/186         预约/预借

序号 登录号 条形码 馆藏地/架位号 状态 备注
1 0829271   208292710   第一样本阅览室/ [索取号:I058/186] 在馆    
2 0829272   208292729   第二借阅区/ [索取号:I058/186] 在馆    
3 0829273   208292738   第二借阅区/ [索取号:I058/186] 在馆    
4 0829274   208292747   第二借阅区/ [索取号:I058/186] 在馆    
5 0829275   208292756   第二借阅区/ [索取号:I058/186] 在馆    
唐山师范学院图书馆 欢迎您!
大连网信软件有限公司© 版权所有